عرض عادي
عرض مارك
- مجتمع المعلومات
مدخل مصطلح موضوعي
001 - رقم الضبط
- حقل الضبط: 21810
003 - معرف رقم الضبط
- حقل الضبط: OSt
005 - تاريخ ووقت أخر عملية
- حقل الضبط: 20130225170452.0
008 - عناصر بيانات ثابتة الطول
- حقل تحكم ثابت الطول: 130225|||a|||||| | ||| d
040 ## - مصدر الفهرسة
- هيئة الفهرسة الأصلية: OSt
- وكالة الكتابة: OSt
150 ## - مدخل-- مصطلح تاريخي
- عنصر مدخل المصطلح الموضوعي او الاسم الجغرافي: مجتمع المعلومات
- تفريع شكلي: أفريقيا
670 ## - بيانات المصدر موجوده
- الاستشهاد بالمصدر: Work cat.: (OSt): 21628 دياب، مفتاح محمد., بيئة المعلومات في أفريقيا والاتجاه نحو مجتمع المعلومات الأفريقي /, 2008
